Nirvana Songs by Antonyms - Statistics

General Stats
  • This quiz has been taken 258 times
  • The average score is 6 of 10
Answer Stats
Hint Answer % Correct
Smart Dumb
95%
Sounds Dissimilar to Adult Lethargy Smells Like Teen Spirit
85%
Irregarding a Boy About a Girl
78%
Off a Hill On a Plain
71%
Positive Gentleman Negative Creep
63%
Upper Downer
61%
Out Wither In Bloom
59%
Invigorate Me Drain You
52%
Sucked Blew
40%
Smelly Master Scentless Apprentice
39%
No matching quizzes found
Score Distribution
Percent of People with Each Score
Percentile by Number Answered
Your Score History
You have not taken this quiz